Country by Letter-Number Combination Quiz Stats

 Plays Quiz Updated Jul 13, 2016

Also try: 'Country' Songs
Challenge
Share
Tweet
Embed
Score 0/24 Timer 04:00
3 Plays Today
Letter-Number Combination Country % Correct
Y-5Yemen
87.1%
O-4Oman
85.1%
Q-5Qatar
84.5%
Z-8Zimbabwe
83.2%
D-7Denmark
77.9%
H-5Haiti
70%
F-7Finland
69.9%
U-6Uganda
69.1%
V-9Venezuela
68.5%
E-8Ethiopia
67.1%
I-9Indonesia
64.6%
J-6Jordan
53.7%
Letter-Number Combination Country % Correct
L-9Lithuania
50.2%
M-5Malta
49.4%
A-6Angola
47.4%
R-7Romania
47.1%
P-5Palau
45.3%
T-17Trinidad and Tobago
43.7%
N-9Nicaragua
39.9%
C-11Cote d'Ivoire
38.6%
G-9Guatemala
37.7%
K-8Kiribati
36.8%
B-11Burkina Faso
27.2%
S-14Solomon Islands
19.8%

You're not logged in!

Compare scores with friends on all Sporcle quizzes.
OR
Log In

You Might Also Like...

Show Comments

Extras

Top Quizzes Today


Score Distribution

Your Account Isn't Verified!

In order to create a playlist on Sporcle, you need to verify the email address you used during registration. Go to your Sporcle Settings to finish the process.

Report this User

Report this user for behavior that violates our Community Guidelines.

Details: